Indefinite Definitions IV Quiz Stats

Quiz Updated Jun 3, 2015

Challenge
Share
Tweet
Embed
Score 0/35 Timer 07:00
1 Play Today
% Correct
Abrupt, explosive cry of a dog
95.2%
Absolute frequency assigned to a specific musical note
95%
Throw a ball to a batter
94.2%
Tough exterior covering of a woody root or stem
91.6%
Group of students who are taught together
91.2%
Social rank or caste
89.2%
In accordance with fact, reason, or truth
89.1%
Break suddenly with a sharp cracking sound
89%
Elegance, grace, or dignity
87.8%
Instantaneous illumination for photography
87.2%
Sudden, accidental slide
87.1%
Sudden short blaze of intense flame
86.3%
Something to which one has a just claim
85.4%
Woman's sleeveless undergarment
85.1%
Taxonomic category ranking below a phylum and above an order
83.1%
Located on the south when the subject is facing east
81.6%
Bite at something, bringing the jaws rapidly together
81.1%
Brief news dispatch or transmission
79.8%
% Correct
Crisp round cookie flavored with ginger
79.6%
Lose one's emotional or mental composure
78.1%
Movement of a finger from the tip to the base of the thumb
76.5%
Small piece of paper
76.5%
Gaudy or vulgar showiness
75.3%
Alternate dip of the bow and stern of a ship
74.5%
Advocates of conservative or reactionary measures
74.4%
Having the axis perpendicular to the base
73.3%
Candy of chocolate and nuts, made in flat sheets
72.8%
Thick, dark, sticky substance obtained from tar residue
70.3%
Pass a stitch from one needle to another without knitting it
65.8%
Standard of accommodation in public transport
64.1%
Change a liquid to a gas by causing it to hit a hot surface
63.9%
Lead a card, thus establishing the trump suit
41.5%
Scrape or rub off skin
36%
Craft propelled by sails or oars
35.8%
Piece suitable for propagation cut from a plant
25.1%

You're not logged in!

Compare scores with friends on all Sporcle quizzes.
Join for Free
OR
Log In

You Might Also Like...

Show Comments

Extras

Top Quizzes Today


Score Distribution

Your Account Isn't Verified!

In order to create a playlist on Sporcle, you need to verify the email address you used during registration. Go to your Sporcle Settings to finish the process.

Report this User

Report this user for behavior that violates our Community Guidelines.

Details: